Countries Closest to Territories #3: St. Helena - Statistics

General Stats
  • This quiz has been taken 45 times
  • The average score is 12 of 16
Answer Stats
Distance (km) Country % Correct
2,600 Angola
95%
2,648 Namibia
92%
3,167 Cameroon
81%
2,938 Congo
78%
2,629 Equatorial Guinea
78%
2,944 Benin
76%
2,538 Gabon
76%
2,707 Ghana
76%
2,825 Togo
76%
3,202 Nigeria
73%
2,913 Guinea
68%
2,612 Ivory Coast
68%
2,522 Liberia
68%
2,795 Sierra Leone
65%
3,257 Guinea-Bissau
57%
3,262 Botswana
46%
No matching quizzes found
Score Distribution
Percent of People with Each Score
Percentile by Number Answered
Your Score History
You have not taken this quiz